| 000 | 00496nam a2200157 i 4500 | ||
|---|---|---|---|
| 001 | 139699 | ||
| 003 | ES-MaACL | ||
| 005 | 20230906195859.0 | ||
| 007 | t| | ||
| 008 | 070214s1914 sp r ||||1| spa d | ||
| 100 | 1 |
_aSaye Sempere, Luis. _9104103 |
|
| 245 | 1 | 0 |
_aTratamiento de la tuberculosis pulmonar por el pneumotórax / _cLuis Saye Sempere. |
| 260 |
_aMadrid : _b[s.n.], _c1914 ( _fHijos de Nicolás Moya) |
||
| 650 | 4 |
_aTuberculosis- _xTratamiento. _9151845 |
|
| 852 |
_aES-MaACL _jT-1364-F-12 |
||
| 999 |
_c139699 _d139699 |
||